[Event "European Rapid 2015"]
[Site "Minsk BLR"]
[Date "2015.12.19"]
[Round "5.27"]
[White "Fedorov, Alexei"]
[Black "Shkapenko, Pavel"]
[Result "1/2-1/2"]
[WhiteTitle "GM"]
[BlackTitle "IM"]
[WhiteElo "2563"]
[BlackElo "2407"]
[WhiteFideId "13500465"]
[BlackFideId "4151933"]
[EventDate "2015.12.19"]

1. e4 Nf6 2. d3 e5 3. Nf3 Nc6 4. Be2 d5 5. Nbd2 Be7 6. O-O O-O 7. b3 Re8 8. Bb2
Bf8 9. Re1 a5 10. a3 d4 11. c3 dxc3 12. Bxc3 Bg4 13. Qc2 Bc5 14. h3 Bxf3 15.
Nxf3 Qd6 16. Bb2 Rad8 17. Rec1 Bb6 18. Qc4 Nd7 19. Bf1 Nf8 20. b4 axb4 21. axb4
Ne6 22. b5 Ncd4 23. Bxd4 Nxd4 24. Nxd4 Bxd4 25. Ra2 Bb6 26. g3 Qe7 27. Kg2 Rd6
28. Rca1 h5 29. h4 g5 30. Be2 gxh4 31. Bxh5 hxg3 32. fxg3 Rh6 33. Rh1 Kg7 34.
Qxf7+ Qxf7 35. Bxf7 Rxh1 36. Bxe8 Rd1 37. Bd7 Rxd3 38. Bc8 Rb3 1/2-1/2

[Event "European Rapid 2015"]
[Site "Minsk BLR"]
[Date "2015.12.19"]
[Round "5.28"]
[White "Maljush, Andrej"]
[Black "Kryakvin, Dmitry"]
[Result "1-0"]
[BlackTitle "GM"]
[WhiteElo "2285"]
[BlackElo "2529"]
[WhiteFideId "13500724"]
[BlackFideId "4153278"]
[EventDate "2015.12.19"]

1. e4 c5 2. Nc3 Nc6 3. g3 g6 4. Bg2 Bg7 5. f4 d6 6. Nf3 e6 7. O-O Nge7 8. d3 O-O
9. g4 f5 10. gxf5 exf5 11. Ne2 Kh8 12. Ng3 Be6 13. c3 Qd7 14. Ng5 Bg8 15. Bh3
Rae8 16. exf5 Nxf5 17. Nxf5 gxf5 18. Bd2 Qe7 19. Re1 Qf6 20. Qh5 Qg6 21. Qxg6
hxg6 22. Bg2 Bf6 23. h4 Rxe1+ 24. Bxe1 Re8 25. Kf2 a5 26. Bd2 a4 27. a3 Na5 28.
Rh1 Kg7 29. Be3 Nb3 30. h5 gxh5 31. Rxh5 d5 32. Nf3 Be6 33. Rh1 b5 34. d4 b4 35.
dxc5 bxc3 36. bxc3 Bxc3 37. Rd1 Rc8 38. Ng5 Bg8 39. Bxd5 Bxd5 40. Rxd5 Bb2 41.
Rxf5 Bxa3 42. Rf7+ Kg8 43. Ra7 Nxc5 44. Kf3 Rf8 45. Bd4 Rd8 46. Bf6 Rc8 47. Rg7+
Kf8 48. Nh7+ Ke8 49. Re7+ Kd8 50. Re3+ Kd7 51. Rxa3 Rb8 52. Kg4 Rb3 53. Ra2 a3
54. Ng5 Nd3 55. Be5 Kc6 56. Ne6 Kd5 57. Kf5 Nb4 58. Rd2+ Kc4 59. Rd4+ Kb5 60.
Rd8 Rb1 61. Nd4+ Kc4 62. Rc8+ Kd3 63. Nc6 Nc2 64. Ra8 Rb6 65. Ne7 Ne3+ 66. Kg5
Nc4 67. Ra4 Rb5 68. Kf6 Rc5 69. Nf5 Kc2 70. Nd4+ Kb1 71. Rb4+ Ka2 72. Nb5 Rc6+
73. Kf7 Rc8 74. Nc3+ 1-0

[Event "European Rapid 2015"]
[Site "Minsk BLR"]
[Date "2015.12.19"]
[Round "5.29"]
[White "Loginov, Valery A"]
[Black "Balashov, Yuri S"]
[Result "1/2-1/2"]
[WhiteTitle "GM"]
[BlackTitle "GM"]
[WhiteElo "2486"]
[BlackElo "2408"]
[WhiteFideId "4126297"]
[BlackFideId "4100263"]
[EventDate "2015.12.19"]

1. e4 c5 2. Nf3 Nc6 3. d4 cxd4 4. Nxd4 Qb6 5. Nb3 Nf6 6. Nc3 e6 7. Be3 Qc7 8.
Bd3 a6 9. f4 d6 10. Qf3 Be7 11. g4 Nb4 12. g5 Nd7 13. a3 Nxd3+ 14. cxd3 b5 15.
Rc1 Qd8 16. Nd4 Bb7 17. b4 g6 18. h4 e5 19. Nde2 Rc8 20. f5 d5 21. f6 d4 22.
fxe7 Qxe7 23. Nd5 1/2-1/2

[Event "European Rapid 2015"]
[Site "Minsk BLR"]
[Date "2015.12.19"]
[Round "5.30"]
[White "Teterev, Vitaly"]
[Black "Putka, Verners"]
[Result "1/2-1/2"]
[WhiteTitle "GM"]
[WhiteElo "2494"]
[BlackElo "2307"]
[WhiteFideId "13501429"]
[BlackFideId "11600659"]
[EventDate "2015.12.19"]

1. Nf3 Nf6 2. g3 b6 3. Bg2 Bb7 4. O-O c5 5. d3 e6 6. e4 d6 7. Re1 Be7 8. c4 Nbd7
9. h3 Qc7 10. Nc3 a6 11. Be3 O-O 12. Nh2 Rad8 13. g4 d5 14. exd5 exd5 15. cxd5
Ne5 16. Bg5 h6 17. Bf4 Bd6 18. g5 Nh7 19. gxh6 Nf3+ 20. Nxf3 Bxf4 21. hxg7 Kxg7
22. Nh4 Kh8 23. Kh1 Rg8 24. Be4 Rg5 25. Qf3 Nf6 26. d6 Nxe4 27. dxe4 Bxd6 28.
Rg1 Qe7 29. Nf5 Qe5 30. Nxd6 Rxd6 31. Rxg5 Qxg5 32. Rg1 Qh6 33. Rg4 Bc8 34. Rg3
Rf6 35. Qg2 Be6 36. Nd5 Bxd5 37. exd5 Qc1+ 38. Qg1 Qh6 39. Rg8+ Kh7 40. Rg3 Qd2
41. Rg5 Rg6 42. Rxg6 fxg6 43. Qg2 Qe1+ 44. Kh2 Qe5+ 45. Qg3 Qxd5 46. Qc7+ Kh6
47. Qxb6 Qe5+ 48. Kg2 Qe4+ 49. Kf1 Qc4+ 50. Ke1 Qe4+ 51. Kf1 Qh1+ 52. Ke2 Qe4+
53. Kd2 Qd4+ 54. Ke2 Qe4+ 55. Kf1 1/2-1/2

[Event "European Rapid 2015"]
[Site "Minsk BLR"]
[Date "2015.12.19"]
[Round "5.31"]
[White "Kulaots, Kaido"]
[Black "Pershin, Denis"]
[Result "1-0"]
[WhiteTitle "GM"]
[WhiteElo "2574"]
[BlackElo "2375"]
[WhiteFideId "4500261"]
[BlackFideId "24165506"]
[EventDate "2015.12.19"]

1. e4 c5 2. Nf3 Nc6 3. Nc3 e5 4. Bc4 d6 5. d3 Be7 6. O-O Bg4 7. h3 Bh5 8. Nd5
Nf6 9. c3 Qd7 10. a4 h6 11. a5 Bd8 12. a6 Na5 13. Nxf6+ gxf6 14. Nxe5 Bxd1 15.
Nxd7 Be2 16. Re1 Kxd7 17. Rxe2 Nxc4 18. axb7 Rb8 19. dxc4 Rxb7 20. f3 Bc7 21.
Rd2 a5 22. Rd5 Rhb8 23. Rh5 Rxb2 24. Bxb2 Rxb2 25. Rxh6 Rb3 26. h4 Rxc3 27. h5
Rxc4 28. Rh8 d5 29. h6 f5 30. Rd1 Be5 31. Rxd5+ Ke6 32. Re8+ 1-0

[Event "European Rapid 2015"]
[Site "Minsk BLR"]
[Date "2015.12.19"]
[Round "5.34"]
[White "Grachev, Boris"]
[Black "Tokranovs, Dmitrijs"]
[Result "1-0"]
[WhiteTitle "GM"]
[WhiteElo "2652"]
[BlackElo "2179"]
[WhiteFideId "4129199"]
[BlackFideId "11603011"]
[EventDate "2015.12.19"]

1. d4 d5 2. Bf4 c6 3. e3 Qb6 4. Qc1 Nf6 5. c4 Bf5 6. Nc3 Nbd7 7. Nf3 h6 8. h3 e6
9. Be2 Be7 10. O-O Ne4 11. c5 Qd8 12. b4 Nxc3 13. Qxc3 O-O 14. b5 Qc8 15. a4 Bd8
16. a5 Bc7 17. a6 Bxf4 18. axb7 Qxb7 19. bxc6 Qxc6 20. exf4 Qc7 21. Ne5 Nb8 22.
Bd3 Bxd3 23. Qxd3 f6 24. Ng6 Re8 25. f5 Nc6 26. Rfe1 exf5 27. Qxf5 Nxd4 28.
Qxd5+ Kh7 29. Qxd4 Kxg6 30. Qd3+ Kf7 31. Qd5+ Kg6 32. Qd3+ Kf7 33. Qc4+ Kg6 34.
c6 Rxe1+ 35. Rxe1 Rd8 36. g3 Rc8 37. Re6 Kh7 38. Qe4+ Kg8 39. Re8+ Rxe8 40.
Qxe8+ Kh7 41. Qd7 Qe5 42. Qd3+ Kg8 43. Qc4+ 1-0

[Event "European Rapid 2015"]
[Site "Minsk BLR"]
[Date "2015.12.19"]
[Round "5.35"]
[White "Terletsky, Oleg"]
[Black "Milov, Vadim"]
[Result "0-1"]
[WhiteTitle "FM"]
[BlackTitle "GM"]
[WhiteElo "2145"]
[BlackElo "2615"]
[WhiteFideId "14116774"]
[BlackFideId "1304364"]
[EventDate "2015.12.19"]

1. e4 c5 2. Nf3 e6 3. d4 cxd4 4. Nxd4 a6 5. Nc3 d6 6. Be3 b5 7. f3 Bb7 8. Qd2
Ne7 9. a4 b4 10. Na2 d5 11. e5 Nec6 12. f4 Nxd4 13. Bxd4 Nc6 14. Bf2 Be7 15. Nc1
O-O 16. Nb3 Na5 17. Nxa5 Qxa5 18. Bd3 f5 19. Bd4 Qc7 20. Qe3 a5 21. O-O Ba6 22.
Rfc1 Rfc8 23. h3 Bc5 24. Bxa6 Rxa6 25. c3 Rc6 26. Rd1 Bxd4 27. cxd4 Rc2 28. Rab1
Qc6 29. Qd3 Qc4 30. b3 Qxd3 31. Rxd3 Re2 32. Rbd1 Rcc2 33. Rg3 Kf7 34. Kh2 Red2 0-1

[Event "European Rapid 2015"]
[Site "Minsk BLR"]
[Date "2015.12.19"]
[Round "5.36"]
[White "Lojko, Alexej"]
[Black "Alekseev, Evgeny"]
[Result "0-1"]
[BlackTitle "GM"]
[WhiteElo "2214"]
[BlackElo "2642"]
[WhiteFideId "24146200"]
[BlackFideId "4138147"]
[EventDate "2015.12.19"]

1. d4 Nf6 2. c4 e6 3. a3 c5 4. dxc5 Bxc5 5. Nf3 b6 6. Bf4 Bb7 7. Nc3 O-O 8. Bd6
Bxd6 9. Qxd6 Nc6 10. e3 Rc8 11. Be2 Na5 12. Ne5 Bxg2 13. Rg1 Ba8 14. Rd1 Qc7 15.
Qxc7 Rxc7 16. Nb5 Rb7 17. Nd6 Rbb8 18. Nb5 a6 19. Nc7 Rfd8 20. Nxa6 Rbc8 21. b4
Nc6 22. f4 d6 23. Nxc6 Bxc6 24. Rc1 Bb5 25. cxb5 Rxc1+ 26. Kf2 Ne4+ 27. Kg2 Rc3
28. Kf3 Nd2+ 29. Kf2 Rxa3 30. Rc1 d5 31. Rc6 Ne4+ 32. Kg2 Rxe3 33. Bf3 Nd2 34.
Bg4 Nc4 0-1

[Event "European Rapid 2015"]
[Site "Minsk BLR"]
[Date "2015.12.19"]
[Round "5.37"]
[White "Smolin, Sergey1"]
[Black "Demidov, Mikhail"]
[Result "0-1"]
[WhiteTitle "IM"]
[BlackTitle "IM"]
[WhiteElo "2260"]
[BlackElo "2485"]
[WhiteFideId "4131177"]
[BlackFideId "4197143"]
[EventDate "2015.12.19"]

1. e4 e6 2. d4 d5 3. e5 c5 4. dxc5 Nc6 5. Nf3 Bxc5 6. Bd3 f6 7. Qe2 fxe5 8. Nxe5
Nf6 9. Nxc6 bxc6 10. Be3 Bxe3 11. Qxe3 O-O 12. O-O Qd6 13. Nd2 e5 14. Nb3 a5 15.
Qc5 Qc7 16. a4 Be6 17. f3 Nd7 18. Qe3 c5 19. Bb5 d4 20. Qe4 Nf6 21. Qh4 c4 22.
Nd2 c3 23. bxc3 Qxc3 24. Ne4 Qe3+ 25. Kh1 Nxe4 26. fxe4 Rxf1+ 27. Rxf1 Qa3 28.
h3 h6 29. Qh5 Qd6 30. Qg6 Qe7 31. Bc6 Rd8 32. Rb1 Qf6 33. Qxf6 gxf6 34. Rb5 Rc8
35. Bd5 Bxd5 36. Rxd5 Rxc2 37. Rxa5 Kg7 38. Kh2 Kg6 39. Rd5 Kg5 40. Kg3 Rc3+ 41.
Kf2 Kf4 42. Rd6 Rc2+ 43. Ke1 Ke3 44. Kd1 Rxg2 45. a5 d3 46. Kc1 Ra2 47. a6 d2+
48. Kd1 Ra1+ 49. Kc2 Rc1+ 0-1

[Event "European Rapid 2015"]
[Site "Minsk BLR"]
[Date "2015.12.19"]
[Round "5.38"]
[White "Strutinskaia, Galina"]
[Black "Rozum, Ivan"]
[Result "0-1"]
[WhiteTitle "WGM"]
[BlackTitle "GM"]
[WhiteElo "2231"]
[BlackElo "2559"]
[WhiteFideId "4108558"]
[BlackFideId "24104272"]
[EventDate "2015.12.19"]

1. d4 Nf6 2. c4 g6 3. Nc3 Bg7 4. e4 O-O 5. Nf3 d6 6. g3 e5 7. Bg2 Nc6 8. O-O Bg4
9. Be3 exd4 10. Bxd4 Re8 11. Bxf6 Bxf6 12. h3 Be6 13. Nd5 Bxb2 14. Rb1 Bg7 15.
Rxb7 Na5 16. Rb4 c5 17. Ra4 Bd7 18. Nd2 Bxa4 19. Qxa4 Rb8 20. Rd1 Rb2 21. Nf1
Bd4 22. Rd2 Rxd2 23. Nxd2 Rf8 24. Nf1 Nb7 25. Qxa7 Qa8 26. Qb6 Qxa2 27. Nfe3 Na5
28. Qa7 Qb1+ 29. Kh2 Qe1 30. Nc2 Qd2 31. Nxd4 cxd4 32. Qc7 d3 33. Qxd6 Qxf2 34.
Ne7+ Kg7 35. Qxd3 Qf6 36. Nd5 Qe5 37. Ne3 Nc6 38. Qd5 Rc8 39. Ng4 Qd4 40. Qg5 h5
41. Ne3 Qe5 42. Qf4 Rb8 43. Qf2 Rb2 44. Qf1 h4 45. Qf4 hxg3+ 46. Kxg3 Rb3 47.
Qxe5+ Nxe5 48. Kf2 Rb2+ 49. Kg3 Re2 50. Kf4 f6 51. c5 g5+ 0-1

[Event "European Rapid 2015"]
[Site "Minsk BLR"]
[Date "2015.12.19"]
[Round "5.39"]
[White "Romanov, Evgeny"]
[Black "Kislov, Oleg"]
[Result "1-0"]
[WhiteTitle "GM"]
[BlackTitle "FM"]
[WhiteElo "2590"]
[BlackElo "2241"]
[WhiteFideId "4148843"]
[BlackFideId "13503774"]
[EventDate "2015.12.19"]

1. d4 d5 2. Nf3 Nf6 3. c4 dxc4 4. e3 e6 5. Bxc4 c5 6. dxc5 Qxd1+ 7. Kxd1 Bxc5 8.
Ke2 a6 9. Nc3 b5 10. Bb3 Bb7 11. Ne1 e5 12. Nd3 Bd6 13. f3 e4 14. Nf4 exf3+ 15.
gxf3 Bxf4 16. exf4 O-O 17. Be3 Nc6 18. Rad1 Na5 19. Bc2 Nc4 20. Bc1 Rac8 21. Bf5
Rc5 22. Bb1 Rh5 23. Kf2 Re8 24. Ne2 Nd5 25. Ng3 Rh6 26. Be4 Ncb6 27. Nf5 Rf6 28.
Rhg1 g6 29. Nh6+ Kg7 30. f5 Rc6 31. fxg6 hxg6 32. Nf5+ Kh7 33. Ne3 Nxe3 34. Bxe3
Rce6 35. Bxb7 Rxe3 36. Be4 R3xe4 37. fxe4 Rxe4 38. Rge1 Rc4 39. Rd6 Na4 40. b3
Rc2+ 41. Re2 Rxe2+ 42. Kxe2 Nc3+ 43. Ke3 a5 44. a3 f5 45. Ra6 a4 46. bxa4 bxa4
47. Kd3 Ne4 48. Kd4 Ng5 49. Rxa4 Nf3+ 50. Kd5 g5 51. h3 Kg6 52. Rb4 f4 53. a4
Ne1 54. Ke4 f3 55. Rb6+ Kh5 56. Ke3 Kh4 57. Kf2 Kxh3 58. Rh6+ 1-0

[Event "European Rapid 2015"]
[Site "Minsk BLR"]
[Date "2015.12.19"]
[Round "5.41"]
[White "Bortnyk, Mykola"]
[Black "Andrejevs, Arvids"]
[Result "1-0"]
[WhiteTitle "IM"]
[WhiteElo "2416"]
[BlackElo "2275"]
[WhiteFideId "14120836"]
[BlackFideId "11602708"]
[EventDate "2015.12.19"]

1. e4 e5 2. Nf3 Nc6 3. Bb5 Nf6 4. Qe2 d6 5. d4 exd4 6. e5 dxe5 7. Nxe5 Be7 8.
Nxc6 bxc6 9. Bxc6+ Bd7 10. Bxa8 Qxa8 11. O-O Be6 12. c3 c5 13. cxd4 cxd4 14.
Qb5+ Nd7 15. Re1 Qd8 16. Nd2 O-O 17. Nf3 Bf6 18. Bg5 h6 19. Bxf6 Qxf6 20. Rad1
Rb8 21. Qa4 Rxb2 22. Qxa7 Rxa2 23. Qxd4 Qxd4 24. Nxd4 Nc5 25. h3 Kh7 26. Re5 Nd7
27. Re3 Nc5 28. Rc1 Ra4 29. Nc6 Ne4 30. Nd8 Bd5 31. Rd1 Nf6 32. Re5 Bb3 33. Rd3
Ra1+ 34. Kh2 Bc4 35. Rd4 Bb3 36. Rb5 Be6 37. Rb7 Ra2 38. f3 Bd5 39. Rc7 Bxf3 40.
Kg3 Bd5 41. Nxf7 Rxg2+ 42. Kf4 Rf2+ 43. Ke5 Bxf7 44. Rxf7 Ng4+ 45. Ke6 Re2+ 46.
Kd6 Nf6 47. h4 Ra2 48. Rb7 h5 49. Kc5 Rc2+ 50. Kd6 Rg2 51. Rf4 Kg6 52. Rb5 Rd2+
53. Ke6 Re2+ 54. Re5 Ra2 55. Rg5+ Kh6 56. Rc4 Ra6+ 57. Kf5 Ra5+ 58. Kf4 Ra7 59.
Rb4 Rc7 60. Ra5 Rc1 61. Kf5 Rf1+ 62. Ke6 Kg6 63. Rg5+ Kh6 64. Rb7 Re1+ 65. Kf7
Rf1 66. Rg6+ Kh7 67. Rxg7+ Kh8 68. Rg6 Nd5+ 69. Ke8 Re1+ 70. Kf8 Rf1+ 71. Rf7
Rxf7+ 72. Kxf7 Kh7 73. Rg5 Nf4 74. Rf5 1-0

[Event "European Rapid 2015"]
[Site "Minsk BLR"]
[Date "2015.12.19"]
[Round "5.43"]
[White "Galaktionov, Artem"]
[Black "Belyakov, Bogdan"]
[Result "1/2-1/2"]
[BlackTitle "IM"]
[WhiteElo "2285"]
[BlackElo "2511"]
[WhiteFideId "24175471"]
[BlackFideId "24104795"]
[EventDate "2015.12.19"]

1. d4 Nf6 2. Nf3 g6 3. c4 Bg7 4. Nc3 O-O 5. e4 d6 6. Be2 e5 7. O-O Nc6 8. d5 Ne7
9. Ne1 Nd7 10. f3 f5 11. g4 Kh8 12. Nd3 b6 13. Be3 a5 14. Kg2 Nc5 15. Nxc5 bxc5
16. Qd2 Ng8 17. h3 Bd7 18. b3 Bf6 19. Rab1 Bh4 20. Bf2 h5 21. Bxh4 Qxh4 22. Qe1
Qe7 23. Qd2 fxg4 24. fxg4 hxg4 25. hxg4 Kg7 26. g5 Rf4 27. Qd3 Qxg5+ 28. Qg3
Qxg3+ 29. Kxg3 Raf8 30. Rbe1 Nf6 31. Bf3 g5 32. Bg2 Rh8 33. Rh1 Nh5+ 34. Kh2 Rf2
35. Kg1 Rc2 36. Nd1 Nf4 37. Ne3 Rxh1+ 38. Kxh1 Rxa2 39. Bf3 Rb2 40. Bg4 Nd3 41.
Re2 Rxe2 42. Bxe2 Nf4 43. Bf3 a4 44. bxa4 Bxa4 45. Nf1 Bd7 46. Ne3 Kf6 47. Kh2
c6 48. Bg4 Ke7 49. Bxd7 Kxd7 50. dxc6+ Kxc6 51. Kg3 Nd3 52. Kg4 Nf2+ 53. Kf3 Nd3
54. Kg4 Nc1 55. Kxg5 Nb3 56. Nf1 Kd7 57. Kf6 Nc1 58. Nd2 Nd3 59. Nb3 Nf4 60. Nd2
Kd8 61. Nb3 Ke8 62. Nd2 Kd7 63. Nb3 Nh5+ 64. Kf7 Ng3 65. Nd2 Ne2 66. Kf6 Nd4 67.
Kf7 Ne6 68. Kf6 Nd8 69. Nb3 Nb7 70. Nd2 Na5 71. Kf7 Nc6 72. Kf6 Nd4 73. Kf7 Ne2
74. Kf6 Nc3 75. Kf7 Ne2 1/2-1/2

[Event "European Rapid 2015"]
[Site "Minsk BLR"]
[Date "2015.12.19"]
[Round "5.44"]
[White "Katashuk, V"]
[Black "Razin, Vadim"]
[Result "0-1"]
[WhiteTitle "FM"]
[WhiteElo "2200"]
[BlackElo "2345"]
[WhiteFideId "13505432"]
[BlackFideId "14119463"]
[EventDate "2015.12.19"]

1. e4 e6 2. d4 d5 3. Nc3 Bb4 4. Qd3 dxe4 5. Qxe4 Nf6 6. Qh4 Nc6 7. Nf3 Be7 8.
Bd3 Nb4 9. Ne5 Nxd3+ 10. Nxd3 O-O 11. O-O b6 12. Be3 Bb7 13. Rad1 Ne4 14. Qg4
Nxc3 15. bxc3 Qd5 16. Nf4 Qe4 17. Qe2 Bd6 18. f3 Qc6 19. Qd2 a5 20. Nh5 Qd5 21.
g4 f6 22. Rf2 Qxa2 23. Bh6 Rf7 24. g5 f5 25. Bxg7 Rxg7 26. Nxg7 Kxg7 27. Qe3 Qd5
28. h4 a4 29. h5 f4 30. Qd3 Ba6 31. h6+ Kg8 32. Qe4 a3 33. Ra1 Bc4 34. g6 Qxe4
35. fxe4 hxg6 36. e5 Bf8 37. Rxf4 Bxh6 38. Rf6 Kg7 39. Kf2 Bg5 40. Rf3 a2 0-1

[Event "European Rapid 2015"]
[Site "Minsk BLR"]
[Date "2015.12.19"]
[Round "5.45"]
[White "Grishchenko, Sergey1"]
[Black "Pavlidou, Ekaterini"]
[Result "0-1"]
[WhiteTitle "IM"]
[BlackTitle "WIM"]
[WhiteElo "2442"]
[BlackElo "2223"]
[WhiteFideId "4136730"]
[BlackFideId "4213262"]
[EventDate "2015.12.19"]

1. d4 f5 2. c4 Nf6 3. Nc3 d6 4. Bg5 Nbd7 5. Qc2 g6 6. O-O-O Bg7 7. Nh3 e5 8.
dxe5 Nxe5 9. Nf4 O-O 10. e3 a6 11. c5 h6 12. Qb3+ Kh7 13. h4 Neg4 14. h5 gxh5
15. Nxh5 Nxf2 16. Nxf6+ Rxf6 17. Nd5 Nxh1 18. Nxf6+ Kg6 19. Bc4 hxg5 20. Bf7+
Kxf6 21. Bh5 Qe7 22. cxd6 cxd6 23. Rxh1 Qc7+ 24. Kb1 Be6 25. Qd3 Qc4 26. Qa3 Rc8 0-1

[Event "European Rapid 2015"]
[Site "Minsk BLR"]
[Date "2015.12.19"]
[Round "5.46"]
[White "Johannessen, Leif Erlend"]
[Black "Shvyrjov, Igor"]
[Result "1-0"]
[WhiteTitle "GM"]
[BlackTitle "GM"]
[WhiteElo "2487"]
[BlackElo "2420"]
[WhiteFideId "1501674"]
[BlackFideId "4500490"]
[EventDate "2015.12.19"]

1. d4 d6 2. Nf3 Nf6 3. c4 g6 4. g3 Bg7 5. Bg2 O-O 6. O-O c6 7. Nc3 Bf5 8. b3 Ne4
9. Bb2 Nxc3 10. Bxc3 Be4 11. Qd2 Nd7 12. Rfd1 d5 13. Rac1 e6 14. e3 f5 15. Qe2
a5 16. a4 Qb6 17. Nd2 Bxg2 18. Kxg2 Nf6 19. f3 Rf7 20. Rb1 Qa6 21. e4 fxe4 22.
fxe4 Bh6 23. Rf1 Raf8 24. e5 Bxd2 25. Bxd2 Ne4 26. Bh6 Rf2+ 27. Kg1 Qb6 28. Rxf2
Rxf2 29. Qe3 Qd8 30. Rf1 Rf5 31. g4 Rxf1+ 32. Kxf1 Qh4 33. Qf4 Qe7 34. Kg2 g5
35. Qf3 Qf7 36. h4 Qxf3+ 37. Kxf3 dxc4 38. Kxe4 cxb3 39. Kd3 gxh4 40. Kc3 h3 41.
Bf4 Kf7 42. Kxb3 Kg6 43. Kc4 b6 44. Kd3 h5 45. gxh5+ Kxh5 46. Ke4 Kg6 47. Bh2
Kf7 48. Bf4 Ke8 49. Kf3 Kd7 50. Bd2 Kc8 1-0

[Event "European Rapid 2015"]
[Site "Minsk BLR"]
[Date "2015.12.19"]
[Round "5.47"]
[White "Pultinevicius, Paulius"]
[Black "Sivuk, Vitaly"]
[Result "0-1"]
[BlackTitle "GM"]
[WhiteElo "2262"]
[BlackElo "2552"]
[WhiteFideId "12809390"]
[BlackFideId "14116502"]
[EventDate "2015.12.19"]

1. Nf3 Nf6 2. c4 e6 3. Nc3 Bb4 4. Qc2 O-O 5. e4 e5 6. Nxe5 Re8 7. d4 d6 8. Nf3
Nxe4 9. Be3 Bg4 10. Be2 Nd7 11. O-O Bxc3 12. bxc3 Nb6 13. Rab1 Rb8 14. Bd3 Bxf3
15. gxf3 Ng5 16. Kg2 d5 17. c5 Nc4 18. Bxc4 dxc4 19. Qf5 Ne6 20. Rb4 g6 21. Qc2
b5 22. cxb6 axb6 23. Rxc4 Qd5 24. Ra4 Ng5 25. Bxg5 Qxg5+ 26. Kh1 Re7 27. Rg1 Qf6
28. Rg3 Rbe8 29. Kg2 Re2 30. Qc1 Qc6 31. Ra7 Qc4 32. Qf4 Re1 33. Rg5 Qf1+ 34.
Kg3 R1e2 35. Rxc7 Qxf2+ 36. Kh3 Rf8 37. Qg3 Qf1+ 38. Kh4 Rf2 39. Qg1 Qe2 40. Rg3
Rxh2+ 41. Rh3 Rg2 42. Qc1 g5+ 43. Kh5 Qe6 44. Qb1 Qxh3# 0-1

[Event "European Rapid 2015"]
[Site "Minsk BLR"]
[Date "2015.12.19"]
[Round "5.48"]
[White "Sharafiev, Azat"]
[Black "Masliakov, Mikhail"]
[Result "1-0"]
[WhiteTitle "IM"]
[WhiteElo "2420"]
[BlackElo "2195"]
[WhiteFideId "4186214"]
[BlackFideId "13503170"]
[EventDate "2015.12.19"]

1. Nf3 d6 2. d4 g6 3. c4 Bg7 4. Nc3 Nd7 5. e4 e5 6. Be3 c6 7. Be2 Ngf6 8. d5 c5
9. Nd2 h6 10. Qc2 Nf8 11. Rb1 Ng4 12. Bxg4 Bxg4 13. b4 b6 14. bxc5 dxc5 15. a4
g5 16. a5 Nd7 17. Na4 O-O 18. f3 Bh5 19. g4 Bg6 20. O-O Bf6 21. Rb3 Qc7 22. Rfb1
Rfb8 23. Qb2 bxa5 24. Rb7 Rxb7 25. Qxb7 Rc8 26. Qxc7 Rxc7 27. Rb5 Be7 28. Nb3 f6
29. Rxa5 h5 30. h3 Be8 31. Naxc5 Bxc5 32. Nxc5 Nb6 33. Ne6 Rxc4 34. Rxa7 Rb4 35.
Bxb6 Rxb6 36. Ra8 Kf7 37. gxh5 Rb1+ 38. Kf2 Bb5 39. Ra7+ Kg8 40. Rg7+ Kh8 41.
Rb7 Rf1+ 42. Kg2 Rb1 43. Kg3 Rb3 44. d6 Rd3 45. Rxb5 Rxd6 46. Nc7 Kh7 47. Nd5
Rc6 48. Rb6 Rc1 49. Rxf6 g4 50. Kxg4 Rh1 51. Ra6 Kg7 52. Kg5 Rxh3 53. Ra7+ Kh8
54. h6 Rg3+ 55. Kf5 Rxf3+ 56. Kxe5 Rb3 57. Kd6 Rh3 58. e5 Rxh6+ 59. e6 Rg6 60.
Kd7 Rg5 61. e7 Rg7 62. Ra8+ Kh7 63. Nf6+ Kh6 64. Rh8+ Kg5 65. Rg8 1-0

[Event "European Rapid 2015"]
[Site "Minsk BLR"]
[Date "2015.12.19"]
[Round "5.49"]
[White "Ladva, Ottomar"]
[Black "Kolmakov, Pavel"]
[Result "1-0"]
[WhiteTitle "IM"]
[WhiteElo "2401"]
[BlackElo "2223"]
[WhiteFideId "4500024"]
[BlackFideId "4142349"]
[EventDate "2015.12.19"]

1. Nf3 d5 2. g3 Nf6 3. Bg2 e6 4. c4 dxc4 5. Qa4+ Nbd7 6. Qxc4 a6 7. Qc2 Rb8 8.
O-O c5 9. d3 b5 10. Bf4 Rb6 11. a4 Nd5 12. Bd2 Nb4 13. Bxb4 cxb4 14. axb5 Rxb5
15. Nd4 Rc5 16. Qa4 Qb6 17. Nd2 Bb7 18. Bxb7 Qxb7 19. Qxa6 Qxa6 20. Rxa6 Rc8 21.
Rfa1 Bc5 22. Nc6 Nb8 23. Nxb8 Rxb8 24. e3 O-O 25. Rc6 Be7 26. Ra7 Bf6 27. d4
Rfc8 28. Rxc8+ Rxc8 29. Rb7 h5 30. Ne4 Bd8 31. Nd6 Rc1+ 32. Kg2 Bf6 33. Rxb4 1-0

[Event "European Rapid 2015"]
[Site "Minsk BLR"]
[Date "2015.12.19"]
[Round "6.8"]
[White "Chigaev, Maksim"]
[Black "Savchenko, Boris"]
[Result "1-0"]
[WhiteTitle "IM"]
[BlackTitle "GM"]
[WhiteElo "2526"]
[BlackElo "2612"]
[WhiteFideId "4108116"]
[BlackFideId "4147332"]
[EventDate "2015.12.19"]

1. e4 c5 2. Nf3 Nc6 3. Bb5 g6 4. Bxc6 dxc6 5. h3 Bg7 6. d3 Nf6 7. Nc3 b6 8. O-O
O-O 9. Be3 e5 10. Qd2 Ne8 11. Nh2 Nc7 12. f4 exf4 13. Bxf4 Ne6 14. Bg3 c4 15.
Ng4 cxd3 16. cxd3 Qe7 17. e5 Ba6 18. Ne4 Rad8 19. Nh6+ Kh8 20. Nd6 Bxh6 21. Qxh6
Bxd3 22. Rf3 Be2 23. Rf2 Bd3 24. Rd1 Bf5 25. Bh4 g5 26. Rxf5 gxh4 27. Rdf1 Nd4
28. Nxf7+ Rxf7 29. Rxf7 Ne2+ 30. Kh2 Qxe5+ 31. R1f4 1-0

[Event "European Rapid 2015"]
[Site "Minsk BLR"]
[Date "2015.12.19"]
[Round "6.9"]
[White "Mamedov, Rauf"]
[Black "Loginov, Valery A"]
[Result "0-1"]
[WhiteTitle "GM"]
[BlackTitle "GM"]
[WhiteElo "2650"]
[BlackElo "2486"]
[WhiteFideId "13401653"]
[BlackFideId "4126297"]
[EventDate "2015.12.19"]

1. e4 c5 2. Nf3 d6 3. Nc3 Nc6 4. d4 cxd4 5. Nxd4 Nf6 6. h3 e5 7. Nde2 Be6 8. Bg5
Be7 9. g3 Nxe4 10. Bxe7 Nxc3 11. Qxd6 Qxe7 12. Qxe7+ Kxe7 13. Nxc3 Rhd8 14. Bg2
Rac8 15. Rd1 Nb4 16. O-O Nxc2 17. Bxb7 Rb8 18. Rxd8 Kxd8 19. Rd1+ Ke7 20. Be4
Nd4 21. b3 Bxh3 22. f4 Bg4 23. Rd3 f6 24. fxe5 fxe5 25. Bxh7 Rc8 26. Kf2 Rh8 27.
Be4 Rh2+ 28. Ke1 Ke6 29. Rd2 Rh3 30. Bd5+ Ke7 31. Kf2 Rh2+ 32. Bg2 Bf3 33. Kg1
Rxg2+ 34. Rxg2 Bxg2 35. Kxg2 Kd6 36. Kf2 Kc5 37. Ke3 Nf5+ 38. Ke4 Nxg3+ 39. Kxe5
Kb4 40. Nd5+ Ka3 41. b4 Kxa2 42. b5 Kb3 43. b6 axb6 44. Nxb6 0-1

[Event "European Rapid 2015"]
[Site "Minsk BLR"]
[Date "2015.12.19"]
[Round "6.10"]
[White "Belous, Vladimir"]
[Black "Bocharov, Dmitry"]
[Result "0-1"]
[WhiteTitle "GM"]
[BlackTitle "GM"]
[WhiteElo "2557"]
[BlackElo "2558"]
[WhiteFideId "4174003"]
[BlackFideId "4138716"]
[EventDate "2015.12.19"]

1. c4 g6 2. d4 Bg7 3. Nc3 c5 4. d5 d6 5. e4 e6 6. Nf3 Ne7 7. Bd3 O-O 8. O-O h6
9. h3 Nd7 10. Rb1 a6 11. Bf4 e5 12. Bd2 f5 13. a3 Nf6 14. b4 b6 15. Qb3 fxe4 16.
Nxe4 Nxe4 17. Bxe4 Bf5 18. Rfe1 Bxe4 19. Rxe4 Nf5 20. bxc5 bxc5 21. Qd3 Qf6 22.
Rb6 Rab8 23. Rxa6 Nd4 24. Nxd4 Qxf2+ 25. Kh2 exd4 26. Rxd6 Rb2 27. Rxg6 Rxd2 28.
Rxg7+ Kxg7 29. Re7+ Rf7 30. Rxf7+ Kxf7 31. Qh7+ Ke8 32. Qg6+ Qf7 33. Qc6+ Qd7
34. Qg6+ Kd8 35. Qf6+ 0-1